00492nam a2200169Ia 450000500170000000800410001702000180005804100080007608200170008410000120010124501010011326000350021430000090024950000120025865000110027070000410028120230416050129.0230125s9999 xx 000 0 und d a0-07-060113-5 aeng a005.133bLON aLoney K aOracle Database 10g DBA HandbookbManage a Robust, Scalable and Highly Available Oracle Database c2006bTata Mcgraw HillaU.S.A. a718p aOracle  aOracle aLoney K; Mrs. Saraf, Donor & Bryla B